000 00785nam a2200277Ia 4500
005 20250425162149.0
008 250425s9999 xx 000 0 und d
020 _a9701008316
041 _aspa
043 _amx
082 _a658.8
_pFOS
100 _aFoster, Dennis L.
245 0 _aVentas y mercadotecnia para hoteles, moteles y resorts
_cDennis L. Foster
250 _aPrimera edición
260 _aMéxico, D. F.
_bMcGraw-Hill
_c1995
260 _aNaucalpán de Juárez
300 _a160 páginas
_bilustraciones
_c27 cm.
500 _aIncluye índice
650 _aComportamiento del consumidor
650 _aEstrategias de marketing
650 _aInvestigación de mercados
650 _aMercadotecnia
902 _cimpreso
942 _c01
010 _a54068
999 _c223627
_d223627